| 000 | 00565nam a2200205Ii 4500 | ||
|---|---|---|---|
| 003 | JO-AjNU | ||
| 008 | 230606s9999||||xx |||||||||||||| ||und|| | ||
| 020 | _a0-13-925-1 | ||
| 040 |
_aJO-AjNU _beng _erda _cJO-AjNU |
||
| 041 | _aeng | ||
| 050 | 1 | 4 | _aQA611.M82 1975 |
| 100 | 3 |
_aMunkres , James R, _eauthor _95407 |
|
| 245 | 0 | 0 | _aTopology: A first course |
| 264 | 3 | 1 | _aNew Jersy: prentice -hall , 1975 |
| 300 | _a413p | ||
| 336 |
_atext _btxt _2rdacontent |
||
| 337 |
_aunmediated _bn _2rdamedia |
||
| 338 |
_avolume _bnc _2rdacarrier |
||
| 650 | 4 |
_aTopology _95408 |
|
| 999 |
_aE2792 _c2790 _d2790 |
||